| 000 | 00376nam a22001337a 4500 | ||
|---|---|---|---|
| 082 |
_a297.44 _bNAZ |
||
| 245 |
_aNazar-e- Aqidat Bahazoor Ghous ul Azam (R.A): _bMajmua-i-Maqalat seminar Ghous ul Azam (R.A) |
||
| 260 |
_aFaisalabad: _bAl-Baghdad Printers; _c2007. |
||
| 300 | _a220p. | ||
| 563 | _aPB | ||
| 650 |
_aSufism _96129 |
||
| 650 |
_aSaints _9119675 |
||
| 942 |
_2ddc _cBK |
||
| 999 |
_c606813 _d606813 |
||